| 000 | 00581nam a2200205Ia 4500 | ||
|---|---|---|---|
| 005 | 20250508163615.0 | ||
| 008 | 008 250505s9999 xx 000 0 eng d | ||
| 020 | _a0-415-06755-3 | ||
| 037 | _aTextual | ||
| 040 |
_aFEDL _beng _cFEDL |
||
| 041 |
_aeng _2eng |
||
| 084 |
_a158.1, DAN _qFEDL |
||
| 100 |
_aDaniels Michael _960578 |
||
| 245 | 0 | _aSelf - discovery the jungian way: The watchword technique | |
| 260 |
_aLondon, UK _bRoutledge _c1992 |
||
| 300 | _aix,149p | ||
| 650 | _aApplied psychology | ||
| 942 |
_cTEXL _h158.1, DAN |
||
| 999 |
_c1384322 _d1384322 |
||